Normal view
MARC view
- Hegberg, Richard A.
Entry Personal Name
001 - CONTROL NUMBER
- control field: 29625
003 - CONTROL NUMBER IDENTIFIER
- control field: NUST
005 - DATE AND TIME OF LATEST TRANSACTION
- control field: 20200831120927.0
008 - FIXED-LENGTH DATA ELEMENTS
- fixed length control field: 200831|| aca||aabn | a|a d
040 ## - CATALOGING SOURCE
- Original cataloging agency: NUST
- Transcribing agency: NUST
100 ## - HEADING--PERSONAL NAME
- Personal name: Hegberg, Richard A.
670 ## - SOURCE DATA FOUND
- Source citation: Work cat.: (NUST)0: Hegberg, Richard A., Fundamentals of water system design :, [c1996]
